[Event "Brasov GP RO"]
[Site "Brasov"]
[Date "2023.07.17"]
[Round "2"]
[White "Antohe, Gheorghe"]
[Black "Magold, Filip"]
[Result "0-1"]
[WhiteElo "1948"]
[BlackElo "2388"]
[PlyCount "102"]
[EventDate "2023.07.16"]
[EventType "swiss"]
[EventRounds "9"]
[EventCountry "ROU"]
[SourceTitle "CBM 215 Extra"]
[Source "ChessBase"]
[SourceDate "2023.09.30"]
[SourceVersion "1"]
[SourceVersionDate "2023.09.30"]
[SourceQuality "1"]

1. d4 Nf6 2. Nf3 e6 3. Bf4 b6 4. e3 Bb7 5. Bd3 Be7 6. Nbd2 0-0 7. c3 c5 8. 0-0 Nh5 9. Bxb8 Rxb8 10. Ne5 Nf6 11. f4 cxd4 12. cxd4 d6 13. Nef3 Nd5 14. Qe2 Nb4 15. Bc4 d5 16. Bb5 a6 17. Ba4 b5 18. Bd1 Rc8 19. Ne5 f6 20. Nd3 Bc6 21. Rf3 Be8 22. g4 Bg6 23. f5 exf5 24. gxf5 Bf7 25. Nf1 Nxd3 26. Qxd3 Rc7 27. Bb3 Qd7 28. Re1 Bb4 29. Re2 Rfc8 30. Rg2 a5 31. a3 Bf8 32. e4 dxe4 33. Qxe4 Bxb3 34. Rxb3 Re8 35. Qh4 Qxf5 36. Rf2 Qd5 37. Rh3 g6 38. Rxf6 Re4 39. Rxg6+ Kh8 40. Qf2 Rf7 41. Ne3 Rxf2 42. Nxd5 Rxb2 43. Rf6 Bg7 44. Rf1 Bxd4+ 45. Kh1 Rg4 46. Rg3 h5 47. Rxg4 hxg4 48. Nf6 Ra2 49. Nxg4 Rxa3 50. Rd1 Ra1 51. Rxa1 Bxa1 0-1

[Event "Vaujany op-A 2nd"]
[Site "Vaujany"]
[Date "2011.07.20"]
[Round "7"]
[White "Antohe, Gheorghe"]
[Black "Veys, Vincent"]
[Result "0-1"]
[WhiteElo "2083"]
[BlackElo "1859"]
[PlyCount "50"]
[EventDate "2011.07.14"]
[EventType "swiss"]
[EventRounds "9"]
[EventCountry "FRA"]
[SourceTitle "EXT 2012"]
[Source "ChessBase"]
[SourceDate "2011.11.24"]
[SourceVersion "1"]
[SourceVersionDate "2011.11.24"]
[SourceQuality "1"]

1. c4 Nf6 2. Nc3 e5 3. g3 Bb4 4. Bg2 0-0 5. d3 Re8 6. e4 c6 7. Nge2 d5 8. exd5 cxd5 9. 0-0 dxc4 10. dxc4 Nc6 11. Qa4 Bxc3 12. Nxc3 Nd4 13. Bg5 Bg4 14. f4 Ne2+ 15. Nxe2 Bxe2 16. Rfe1 exf4 17. Bxf4 Qd4+ 18. Kh1 Ng4 19. h3 Nf2+ 20. Kh2 Nd3 21. Rad1 Qf2 22. Rxd3 Qxe1 23. Rd7 Bf3 24. Rd2 Re2 25. Qd7 Bxg2 0-1